00642nam a2200181 i 450000100060000000300090000600500170001500700030003200800410003510000350007624500630011126000590017430000220023365100440025585200220029999900170032195201220033824883ES-MaACL20230906153143.0t|021219s1964 pr ||||1| spa d1 aMillán Rivera, Pedro.98115710aAntología poética de Caguas / cPedro Millán Rivera. aSan Juan de Puerto Rico : bClub de la Prensa, c1964. a245 p. ; c20 cm. 4aPuerto Rico-xEn la literatura.9145739 aES-MaACLjC-27978 c24883d24883 00104070aATENEOMbATENEOMcDEPO2d2008-01-17eSCl0oC-27978p1025656r2023-02-23 00:00:00w2023-02-23yMONOGRAFIA